[Event "Titled Tuesday intern op 01st Sept"]
[Site "Chess.com INT"]
[Date "2020.09.01"]
[Round "8"]
[White "Millard, Charlotte"]
[Black "Musat, Adrian"]
[Result "0-1"]
[WhiteElo "1252"]
[BlackElo "2387"]
[PlyCount "54"]
[EventDate "2020.09.01"]
[EventType "swiss (blitz)"]
[EventRounds "10"]
[EventCountry "USA"]
[SourceTitle "CBM 198 Extra"]
[Source "ChessBase"]
[SourceDate "2020.11.30"]
[SourceVersion "1"]
[SourceVersionDate "2020.11.30"]
[SourceQuality "1"]

1. e4 d6 2. d4 Nf6 3. Nd2 g6 4. Bd3 e5 5. Ngf3 Nc6 6. d5 Ne7 7. c4 Bg7 8. 0-0 0-0 9. h3 Ne8 10. Nh2 f5 11. exf5 gxf5 12. Qh5 Nf6 13. Qg5 h6 14. Qg3 f4 15. Qf3 Nf5 16. Ne4 Nd4 17. Nxf6+ Qxf6 18. Qe4 Bf5 19. Ng4 Qg6 20. Qe1 Bxd3 21. Bd2 h5 22. Nh2 f3 23. g3 h4 24. g4 Ne2+ 25. Kh1 Bh6 26. Bxh6 Qxh6 27. Qd2 Qxd2 0-1

[Event "Titled Tuesday intern op 01st Sept"]
[Site "Chess.com INT"]
[Date "2020.09.01"]
[Round "5"]
[White "Millard, Charlotte"]
[Black "Sviridova, Vlada"]
[Result "0-1"]
[WhiteElo "1252"]
[BlackElo "2144"]
[PlyCount "64"]
[EventDate "2020.09.01"]
[EventType "swiss (blitz)"]
[EventRounds "10"]
[EventCountry "USA"]
[SourceTitle "CBM 198 Extra"]
[Source "ChessBase"]
[SourceDate "2020.11.30"]
[SourceVersion "1"]
[SourceVersionDate "2020.11.30"]
[SourceQuality "1"]

1. e4 e6 2. d4 d5 3. Nd2 c5 4. c3 cxd4 5. cxd4 dxe4 6. Nxe4 Bb4+ 7. Nc3 Nf6 8. Nf3 0-0 9. Be2 b6 10. 0-0 Bb7 11. Bg5 h6 12. Bh4 Nbd7 13. Qb3 Be7 14. Rfd1 Rc8 15. Nb5 a6 16. Nc3 b5 17. Bg3 Nb6 18. Rac1 Bd6 19. Bd3 Bxg3 20. hxg3 Kh8 21. Be2 Qe7 22. Qc2 b4 23. Qd3 bxc3 24. Rxc3 Rxc3 25. Qxc3 Rc8 26. Qb3 Nbd5 27. Ne5 Kg8 28. Bf3 Qc7 29. Kh2 a5 30. Bxd5 Nxd5 31. Qa4 Bc6 32. Qb3 Be8 0-1

[Event "Titled Tuesday intern op 4th Aug 10am"]
[Site "Chess.com INT"]
[Date "2020.08.04"]
[Round "8"]
[White "Millard, Charlotte"]
[Black "Bogumil, Tatiana"]
[Result "0-1"]
[WhiteElo "1252"]
[BlackElo "2182"]
[PlyCount "112"]
[EventDate "2020.08.04"]
[EventType "swiss (blitz)"]
[EventRounds "10"]
[EventCountry "USA"]
[SourceTitle "CBM 197 Extra"]
[Source "ChessBase"]
[SourceDate "2020.09.30"]
[SourceVersion "1"]
[SourceVersionDate "2020.09.30"]
[SourceQuality "1"]

1. e4 e6 2. d4 d5 3. Nd2 dxe4 4. Nxe4 Bd7 5. Bd3 Bc6 6. Nf3 Nd7 7. Bg5 Ngf6 8. 0-0 Be7 9. Nxf6+ Bxf6 10. Be3 0-0 11. c3 b6 12. h3 Bb7 13. Nh2 e5 14. Ng4 e4 15. Bc2 Bg5 16. d5 f5 17. Nh2 Ne5 18. f4 exf3 19. Nxf3 Bxe3+ 20. Kh1 Nxf3 21. Qxf3 f4 22. Bb3 Kh8 23. c4 Qf6 24. Qh5 Qxb2 25. Rab1 Qf6 26. Bc2 g6 27. Qe2 Rae8 28. Qd3 Bc8 29. Qa3 a5 30. Qb3 Bf5 31. Bxf5 Qxf5 32. c5 Bxc5 33. Qc3+ Qe5 34. Qb3 Kg7 35. Rfe1 Qf6 36. d6 Bxd6 37. Red1 f3 38. gxf3 Qxf3+ 39. Qxf3 Rxf3 40. Kg2 Ree3 41. Rd5 Rg3+ 42. Kf2 Ra3 43. Rb2 Rxh3 44. Kg2 Rhd3 45. Rdb5 h5 46. Kf2 h4 47. Kg2 h3+ 48. Kh1 h2 49. Rb1 Rxa2 50. R5b2 Rxb2 51. Rxb2 Rd1+ 52. Kg2 h1Q+ 53. Kf2 Qh2+ 54. Ke3 Qxb2 55. Kf3 Rd3+ 56. Ke4 Qd4# 0-1

[Event "Titled Tuesday intern op 30th June"]
[Site "Chess.com INT"]
[Date "2020.06.30"]
[Round "7"]
[White "Cruz Mendez, Jean Marcos"]
[Black "Millard, Charlotte"]
[Result "1-0"]
[WhiteElo "2018"]
[BlackElo "1252"]
[PlyCount "39"]
[EventDate "2020.06.30"]
[EventType "swiss (blitz)"]
[EventRounds "10"]
[EventCountry "USA"]
[SourceTitle "CBM 197 Extra"]
[Source "ChessBase"]
[SourceDate "2020.09.30"]
[SourceVersion "1"]
[SourceVersionDate "2020.09.30"]
[SourceQuality "1"]

1. e4 e5 2. Nf3 Nc6 3. Bc4 Bc5 4. 0-0 Nf6 5. d4 exd4 6. e5 Ng8 7. c3 h6 8. cxd4 Bb4 9. a3 Ba5 10. b4 Bb6 11. d5 Nb8 12. Nc3 c6 13. d6 Na6 14. Re1 c5 15. b5 Nb8 16. Qb3 Kf8 17. Bxf7 a6 18. Bg6 Qf6 19. exf6 Nxf6 20. Qf7# 1-0

[Event "Speed Chess (Women) Q5"]
[Site "Chess.com INT"]
[Date "2020.06.22"]
[Round "2"]
[White "Enkhtuul, Altanulzii"]
[Black "Millard, Charlotte"]
[Result "0-1"]
[WhiteElo "2228"]
[BlackElo "1252"]
[PlyCount "42"]
[EventDate "2020.06.22"]
[EventType "swiss (blitz)"]
[EventRounds "13"]
[EventCountry "USA"]
[SourceTitle "CBM 196 Extra"]
[Source "ChessBase"]
[SourceDate "2020.07.31"]
[SourceVersion "1"]
[SourceVersionDate "2020.07.31"]
[SourceQuality "1"]

1. e4 e5 2. Nf3 Nc6 3. c3 Bc5 4. d4 exd4 5. cxd4 Bb4+ 6. Nc3 d6 7. a3 Ba5 8. b4 Bb6 9. h3 Nge7 10. Be3 0-0 11. Bd3 h6 12. 0-0 f5 13. a4 f4 14. a5 fxe3 15. fxe3 Bxa5 16. bxa5 Be6 17. d5 Bf7 18. dxc6 Nxc6 19. Bc2 Qf6 20. Nd4 Qg6 21. Nxc6 bxc6 0-1

[Event "Speed Chess (Women) Q5"]
[Site "Chess.com INT"]
[Date "2020.06.22"]
[Round "5"]
[White "Khalafova, Narmin Ilgar Qizi"]
[Black "Millard, Charlotte"]
[Result "1-0"]
[WhiteElo "2279"]
[BlackElo "1252"]
[PlyCount "89"]
[EventDate "2020.06.22"]
[EventType "swiss (blitz)"]
[EventRounds "13"]
[EventCountry "USA"]
[SourceTitle "CBM 196 Extra"]
[Source "ChessBase"]
[SourceDate "2020.07.31"]
[SourceVersion "1"]
[SourceVersionDate "2020.07.31"]
[SourceQuality "1"]

1. e4 e5 2. Nf3 Nc6 3. Bb5 a6 4. Ba4 Bc5 5. 0-0 b5 6. Bb3 Nf6 7. d3 h6 8. a4 b4 9. Nbd2 d6 10. Nc4 0-0 11. a5 Bg4 12. c3 Kh8 13. h3 Bh5 14. Be3 Nd7 15. g4 Bg6 16. d4 exd4 17. cxd4 Ba7 18. Ncd2 Qf6 19. Ba4 Ndb8 20. Rc1 Nxd4 21. Rxc7 Nxf3+ 22. Qxf3 Qxf3 23. Nxf3 Bxe3 24. fxe3 Bxe4 25. Nd4 Bd3 26. Rfxf7 Rxf7 27. Rxf7 Bb5 28. Rf8+ Kh7 29. Bc2+ g6 30. Rf7+ Kg8 31. Rc7 Nc6 32. Nxc6 Bxc6 33. Rxc6 Re8 34. Kf2 Re6 35. Bb3 Kf7 36. Rxd6 Kg7 37. Rxe6 h5 38. Rxa6 hxg4 39. hxg4 Kh6 40. Rb6 Kg5 41. a6 Kxg4 42. a7 Kh4 43. a8Q g5 44. Qh1+ Kg4 45. Be6# 1-0

[Event "Speed Chess (Women) Q5"]
[Site "Chess.com INT"]
[Date "2020.06.22"]
[Round "13"]
[White "Millard, Charlotte"]
[Black "Swati, Mohota"]
[Result "0-1"]
[WhiteElo "1252"]
[BlackElo "2027"]
[PlyCount "68"]
[EventDate "2020.06.22"]
[EventType "swiss (blitz)"]
[EventRounds "13"]
[EventCountry "USA"]
[SourceTitle "CBM 196 Extra"]
[Source "ChessBase"]
[SourceDate "2020.07.31"]
[SourceVersion "1"]
[SourceVersionDate "2020.07.31"]
[SourceQuality "1"]

1. e4 d5 2. exd5 Qxd5 3. Nc3 Qa5 4. Nf3 Nf6 5. d4 Bf5 6. Be3 c6 7. Bd3 e6 8. Bxf5 Qxf5 9. Ne5 h5 10. h3 Nbd7 11. Nf3 Bb4 12. Qd2 Ne4 13. Qe2 Nxc3 14. bxc3 Bxc3+ 15. Bd2 Bxa1 16. 0-0 Bb2 17. Bb4 a5 18. Bc5 Nxc5 19. dxc5 0-0 20. Rb1 Ba3 21. Rxb7 Bxc5 22. Rc7 Qd5 23. Ne5 Bd6 24. Rxf7 Qxe5 25. Rxg7+ Kxg7 26. Qd3 Qh2+ 27. Kf1 Rxf2+ 28. Kxf2 Rf8+ 29. Ke1 Qg1+ 30. Kd2 Bb4+ 31. c3 Rf2+ 32. Ke3 Qe1+ 33. Kd4 Rf4+ 34. Qe4 Qxe4# 0-1

[Event "Titled Tuesday intern op 9th June"]
[Site "Chess.com INT"]
[Date "2020.06.09"]
[Round "8"]
[White "Millard, Charlotte"]
[Black "Bommini, Mounika Akshaya"]
[Result "0-1"]
[WhiteElo "1252"]
[BlackElo "2029"]
[PlyCount "44"]
[EventDate "2020.06.09"]
[EventType "swiss (blitz)"]
[EventRounds "10"]
[EventCountry "USA"]
[SourceTitle "CBM 196 Extra"]
[Source "ChessBase"]
[SourceDate "2020.07.31"]
[SourceVersion "1"]
[SourceVersionDate "2020.07.31"]
[SourceQuality "1"]

1. e4 c5 2. Nf3 d6 3. d4 cxd4 4. Nxd4 Nf6 5. Nc3 a6 6. f4 e5 7. Nb3 b5 8. f5 Be7 9. Be2 0-0 10. g4 b4 11. Nb1 d5 12. exd5 Qxd5 13. Qxd5 Nxd5 14. Bd3 Bb7 15. Rg1 a5 16. h4 Bxh4+ 17. Kd2 Nf4 18. g5 e4 19. Bc4 Bf2 20. Rf1 e3+ 21. Kd1 Bf3+ 22. Be2 Bxe2# 0-1

[Event "Titled Tuesday intern op 9th June"]
[Site "Chess.com INT"]
[Date "2020.06.09"]
[Round "2"]
[White "Millard, Charlotte"]
[Black "Wieczorek, Oskar"]
[Result "0-1"]
[WhiteElo "1252"]
[BlackElo "2500"]
[PlyCount "54"]
[EventDate "2020.06.09"]
[EventType "swiss (blitz)"]
[EventRounds "10"]
[EventCountry "USA"]
[SourceTitle "CBM 196 Extra"]
[Source "ChessBase"]
[SourceDate "2020.07.31"]
[SourceVersion "1"]
[SourceVersionDate "2020.07.31"]
[SourceQuality "1"]

1. e4 e6 2. d4 d5 3. Nd2 c5 4. c3 Nc6 5. Ngf3 cxd4 6. cxd4 dxe4 7. Nxe4 Bb4+ 8. Bd2 Bxd2+ 9. Qxd2 Nf6 10. Bd3 0-0 11. 0-0 h6 12. Bc2 Nd5 13. a3 b6 14. Ng3 f5 15. Rfe1 Qd6 16. Ne5 Nxe5 17. dxe5 Qd7 18. Nh5 Bb7 19. Qd3 Rac8 20. Bb3 Qf7 21. Qh3 Rfd8 22. Rad1 Kh7 23. Rc1 Rxc1 24. Rxc1 Qg6 25. Bxd5 Rxd5 26. Nf4 Qg5 27. Nxd5 Qxc1# 0-1

[Event "Titled Tuesday intern op 26th May"]
[Site "Chess.com INT"]
[Date "2020.05.26"]
[Round "9"]
[White "Bogumil, Tatiana"]
[Black "Millard, Charlotte"]
[Result "1-0"]
[WhiteElo "2182"]
[BlackElo "1252"]
[PlyCount "59"]
[EventDate "2020.05.26"]
[EventType "swiss (blitz)"]
[EventRounds "10"]
[EventCountry "USA"]
[SourceTitle "CBM 196 Extra"]
[Source "ChessBase"]
[SourceDate "2020.07.31"]
[SourceVersion "1"]
[SourceVersionDate "2020.07.31"]
[SourceQuality "1"]

1. Nf3 d5 2. c4 dxc4 3. Na3 e6 4. Nxc4 Nf6 5. b3 Nc6 6. Bb2 Bd7 7. g3 Bb4 8. Bg2 Qe7 9. 0-0 0-0 10. a3 Bd6 11. b4 b5 12. Nxd6 cxd6 13. d4 d5 14. Rc1 Rac8 15. Rc5 a6 16. Ne5 Be8 17. Qc2 Qb7 18. Rc1 Ne4 19. Bxe4 dxe4 20. Nxc6 Bxc6 21. Rxc6 Rxc6 22. Qxc6 Qxc6 23. Rxc6 Ra8 24. Bc3 Kf8 25. Kg2 Ke7 26. e3 Kd7 27. Rc5 f6 28. g4 g6 29. f3 f5 30. fxe4 1-0

[Event "Titled Tuesday intern op 26th May"]
[Site "Chess.com INT"]
[Date "2020.05.26"]
[Round "7"]
[White "Millard, Charlotte"]
[Black "Eidelman, Gabriel"]
[Result "0-1"]
[WhiteElo "1252"]
[BlackElo "1988"]
[PlyCount "56"]
[EventDate "2020.05.26"]
[EventType "swiss (blitz)"]
[EventRounds "10"]
[EventCountry "USA"]
[SourceTitle "CBM 196 Extra"]
[Source "ChessBase"]
[SourceDate "2020.07.31"]
[SourceVersion "1"]
[SourceVersionDate "2020.07.31"]
[SourceQuality "1"]

1. e4 c5 2. Nf3 d6 3. d4 cxd4 4. Nxd4 Nf6 5. Nc3 a6 6. f4 e5 7. Nb3 exf4 8. Bxf4 Nc6 9. Bd3 Ne5 10. Be2 Be7 11. 0-0 0-0 12. Kh1 b5 13. a3 Bb7 14. Nd5 Nxd5 15. exd5 Bf6 16. Qd2 Rc8 17. Na5 Ba8 18. Rac1 Rc5 19. Bxe5 Bxe5 20. Bf3 Qh4 21. Kg1 Qxh2+ 22. Kf2 Bf4 23. Qd4 Re8 24. Rh1 Bg3+ 25. Kf1 Qxh1+ 26. Qg1 Rxc2 27. Qxh1 Rxc1+ 28. Bd1 Rxd1# 0-1

[Event "Titled Tuesday intern op 19th May"]
[Site "Chess.com INT"]
[Date "2020.05.19"]
[Round "8"]
[White "Millard, Charlotte"]
[Black "Orehek, Spela"]
[Result "0-1"]
[WhiteElo "1252"]
[BlackElo "2050"]
[PlyCount "68"]
[EventDate "2020.05.19"]
[EventType "swiss (blitz)"]
[EventRounds "10"]
[EventCountry "USA"]
[SourceTitle "EXT 2021"]
[Source "ChessBase"]
[SourceDate "2020.10.23"]
[SourceVersion "1"]
[SourceVersionDate "2020.10.23"]
[SourceQuality "1"]

1. e4 c5 2. Nf3 Nc6 3. d4 cxd4 4. Nxd4 Qc7 5. Nc3 e6 6. Nb3 Nf6 7. f4 d6 8. Be2 a6 9. g4 Be7 10. g5 Nd7 11. Be3 b5 12. Qd2 h6 13. h4 hxg5 14. fxg5 Nde5 15. 0-0-0 Bd7 16. Bf4 0-0-0 17. Qe3 Nb4 18. a3 Nbc6 19. Na2 Kb7 20. Bg3 Qb6 21. Qc3 Rc8 22. Qd2 Rhd8 23. Bd3 Be8 24. Bf2 Qc7 25. Rhg1 g6 26. Rh1 Nc4 27. Bxc4 bxc4 28. Nd4 Ne5 29. Qb4+ Ka8 30. Ne2 d5 31. Qc3 Rb8 32. Qd4 Bd6 33. Nb4 Nc6 34. Nxc6 Bxc6 0-1

[Event "Titled Tuesday intern op 12th May"]
[Site "Chess.com INT"]
[Date "2020.05.12"]
[Round "6"]
[White "Millard, Charlotte"]
[Black "Bommini, Mounika Akshaya"]
[Result "0-1"]
[WhiteElo "1252"]
[BlackElo "2029"]
[PlyCount "66"]
[EventDate "2020.05.12"]
[EventType "swiss (blitz)"]
[EventRounds "10"]
[EventCountry "USA"]
[SourceTitle "EXT 2021"]
[Source "ChessBase"]
[SourceDate "2020.10.23"]
[SourceVersion "1"]
[SourceVersionDate "2020.10.23"]
[SourceQuality "1"]

1. e4 c5 2. Nf3 d6 3. d4 cxd4 4. Nxd4 Nf6 5. Nc3 a6 6. f4 e5 7. Nb3 Nc6 8. Be2 Be7 9. f5 0-0 10. g4 d5 11. exd5 Nb4 12. Bf3 Qb6 13. g5 Ne8 14. f6 gxf6 15. gxf6 Bxf6 16. Bh6 Bh4+ 17. Kd2 Qxh6+ 18. Ke2 Bf5 19. Rg1+ Kh8 20. Bg4 Bxc2 21. Qf1 Bd3+ 22. Kf3 Qf4+ 23. Kg2 Bxf1+ 24. Raxf1 Qxg4+ 25. Kh1 Qh5 26. d6 Nxd6 27. Nd5 Nxd5 28. Nc5 Rac8 29. Nd7 Rg8 30. Rxg8+ Rxg8 31. Nxe5 Qxe5 32. b4 Qe4+ 33. Rf3 Qxf3# 0-1

[Event "Titled Tuesday intern op 12th May"]
[Site "Chess.com INT"]
[Date "2020.05.12"]
[Round "3"]
[White "Millard, Charlotte"]
[Black "Fataliyeva, Ulviyya Hasil Qizi"]
[Result "0-1"]
[WhiteElo "1252"]
[BlackElo "2301"]
[PlyCount "84"]
[EventDate "2020.05.12"]
[EventType "swiss (blitz)"]
[EventRounds "10"]
[EventCountry "USA"]
[SourceTitle "EXT 2021"]
[Source "ChessBase"]
[SourceDate "2020.10.23"]
[SourceVersion "1"]
[SourceVersionDate "2020.10.23"]
[SourceQuality "1"]

1. e4 e6 2. d4 d5 3. Nd2 Be7 4. Bd3 c5 5. c3 Nf6 6. Ne2 cxd4 7. cxd4 dxe4 8. Nxe4 0-0 9. N2g3 Qxd4 10. Ng5 Bb4+ 11. Kf1 Nc6 12. Be3 Qe5 13. Nf3 Qa5 14. a3 Be7 15. b4 Qc7 16. Rc1 a6 17. Ne4 Rd8 18. Qc2 h6 19. Nxf6+ Bxf6 20. g3 Qd6 21. Rd1 Qe7 22. Bc5 Qe8 23. Kg2 Bd7 24. Rhe1 Rdc8 25. Qd2 Ne7 26. Bh7+ Kh8 27. Qxd7 Kxh7 28. Qd3+ Kh8 29. Qb3 Qc6 30. Kg1 b6 31. Bxe7 Bxe7 32. Ne5 Qe8 33. Nd7 Rc6 34. Ne5 Rd6 35. Rxd6 Bxd6 36. Nf3 Rc8 37. Qd3 Be7 38. Qxa6 Ra8 39. Qd3 Rd8 40. Qc4 Bf6 41. Qa6 Qc6 42. Qd3 Rxd3 0-1

[Event "Titled Tuesday intern op 5th May"]
[Site "Chess.com INT"]
[Date "2020.05.05"]
[Round "1"]
[White "Rorrer, Grayson"]
[Black "Millard, Charlotte"]
[Result "1-0"]
[WhiteElo "2117"]
[BlackElo "1252"]
[PlyCount "65"]
[EventDate "2020.05.05"]
[EventType "swiss (blitz)"]
[EventRounds "10"]
[EventCountry "USA"]
[SourceTitle "EXT 2021"]
[Source "ChessBase"]
[SourceDate "2020.10.23"]
[SourceVersion "1"]
[SourceVersionDate "2020.10.23"]
[SourceQuality "1"]

1. e4 e5 2. Nf3 Nc6 3. Bb5 a6 4. Ba4 Bc5 5. 0-0 b5 6. Bb3 Nf6 7. c3 h6 8. d4 exd4 9. cxd4 Bb6 10. e5 Ng8 11. Nc3 Nge7 12. d5 Na5 13. d6 cxd6 14. exd6 Nf5 15. Bxf7+ Kxf7 16. Qd5+ Kg6 17. Ne5+ Kh7 18. Qxa8 Qf6 19. Qe4 Bb7 20. Nxd7 Qg6 21. Ne5 Qf6 22. Qf4 Bc5 23. Ne4 Bxe4 24. Qxe4 Bxd6 25. Ng4 Qf7 26. Ne3 Rf8 27. g4 Qg6 28. Nxf5 Rxf5 29. Qxf5 Qxf5 30. gxf5 Nc4 31. b3 Nb6 32. Be3 Nd7 33. Rad1 1-0

[Event "Titled Tuesday intern op 28th Apr"]
[Site "Chess.com INT"]
[Date "2020.04.28"]
[Round "3"]
[White "Millard, Charlotte"]
[Black "Prohorov, Olexandr"]
[Result "1-0"]
[WhiteElo "1252"]
[BlackElo "2086"]
[PlyCount "53"]
[EventDate "2020.04.28"]
[EventType "swiss (blitz)"]
[EventRounds "10"]
[EventCountry "USA"]
[SourceTitle "EXT 2021"]
[Source "ChessBase"]
[SourceDate "2020.10.23"]
[SourceVersion "1"]
[SourceVersionDate "2020.10.23"]
[SourceQuality "1"]

1. e4 c5 2. c3 e5 3. d4 exd4 4. cxd4 cxd4 5. Qxd4 Nf6 6. Nc3 Nc6 7. Qd1 Bb4 8. e5 Ne4 9. Bd2 Nxd2 10. Qxd2 Nxe5 11. a3 Bxc3 12. Qxc3 Qe7 13. Be2 0-0 14. Rc1 d6 15. Nh3 Bf5 16. Nf4 g5 17. Nd5 Qe6 18. Nc7 Qe7 19. Nd5 Qe6 20. Ne3 Bg6 21. 0-0 Rac8 22. Qb4 b6 23. Bg4 f5 24. Bf3 Kg7 25. Bd5 Qd7 26. f4 Ng4 27. Qd4+ 1-0

[Event "Titled Tuesday intern op 28th Apr"]
[Site "Chess.com INT"]
[Date "2020.04.28"]
[Round "5"]
[White "Spitzl, Vinzent"]
[Black "Millard, Charlotte"]
[Result "1-0"]
[WhiteElo "2346"]
[BlackElo "1252"]
[PlyCount "57"]
[EventDate "2020.04.28"]
[EventType "swiss (blitz)"]
[EventRounds "10"]
[EventCountry "USA"]
[SourceTitle "EXT 2021"]
[Source "ChessBase"]
[SourceDate "2020.10.23"]
[SourceVersion "1"]
[SourceVersionDate "2020.10.23"]
[SourceQuality "1"]

1. e4 e5 2. Nf3 Nc6 3. Bb5 a6 4. Ba4 Bc5 5. 0-0 b5 6. Bb3 Nf6 7. c3 0-0 8. d4 exd4 9. cxd4 Bb6 10. Nc3 b4 11. Nd5 Nxe4 12. Nxb6 cxb6 13. Bf4 Qf6 14. Be5 Nxe5 15. dxe5 Qf4 16. Bd5 Rb8 17. Qd4 Bb7 18. Bxb7 Rxb7 19. Rfe1 f5 20. Qd5+ Kh8 21. Qxb7 Rd8 22. Qxb6 g5 23. Qxd8+ Kg7 24. Qxd7+ Kh6 25. Qe6+ Kh5 26. Qf7+ Kh6 27. Rxe4 Qxe4 28. Qf6+ Kh5 29. Qxg5# 1-0

[Event "Titled Tuesday intern op 21st April"]
[Site "Chess.com INT"]
[Date "2020.04.21"]
[Round "3"]
[White "Das, Arghyadip"]
[Black "Millard, Charlotte"]
[Result "1-0"]
[WhiteElo "2453"]
[BlackElo "1252"]
[PlyCount "55"]
[EventDate "2020.04.21"]
[EventType "swiss (blitz)"]
[EventRounds "10"]
[EventCountry "USA"]
[SourceTitle "EXT 2021"]
[Source "ChessBase"]
[SourceDate "2020.10.23"]
[SourceVersion "1"]
[SourceVersionDate "2020.10.23"]
[SourceQuality "1"]

1. d4 d5 2. c4 e6 3. Nc3 Nf6 4. cxd5 exd5 5. Bg5 c6 6. e3 Be7 7. Qc2 h6 8. Bh4 g5 9. Bg3 Nbd7 10. Bd3 Nf8 11. Nge2 Bd6 12. h4 Bxg3 13. Nxg3 gxh4 14. Nf5 Bxf5 15. Bxf5 N6d7 16. 0-0-0 a5 17. e4 Nb6 18. Rhe1 Ne6 19. exd5 cxd5 20. Bxe6 fxe6 21. Qg6+ Kf8 22. Qxe6 Qg5+ 23. Kb1 Nc4 24. f4 Qxg2 25. Qf6+ Kg8 26. Rg1 Qxg1 27. Rxg1+ Kh7 28. Qg7# 1-0

[Event "Titled Tuesday intern op 21st April"]
[Site "Chess.com INT"]
[Date "2020.04.21"]
[Round "2"]
[White "Millard, Charlotte"]
[Black "Hera, Imre Jr"]
[Result "0-1"]
[WhiteElo "1252"]
[BlackElo "2611"]
[PlyCount "52"]
[EventDate "2020.04.21"]
[EventType "swiss (blitz)"]
[EventRounds "10"]
[EventCountry "USA"]
[SourceTitle "EXT 2021"]
[Source "ChessBase"]
[SourceDate "2020.10.23"]
[SourceVersion "1"]
[SourceVersionDate "2020.10.23"]
[SourceQuality "1"]

1. e4 d6 2. d4 Nf6 3. Nc3 e5 4. d5 Nbd7 5. Nf3 Nc5 6. Bg5 h6 7. Bxf6 Qxf6 8. Be2 g6 9. a3 Bg7 10. b4 Nd7 11. Nb5 Qd8 12. 0-0 a6 13. Nc3 0-0 14. Nd2 f5 15. f4 exf4 16. Rxf4 Bxc3 17. Rb1 Qg5 18. g3 Bxd2 19. Qxd2 Ne5 20. Rbf1 Bd7 21. Qe3 fxe4 22. Rf5 Qxe3+ 23. Kh1 Rxf5 24. Rxf5 Bxf5 25. Bf1 Nf3 26. h4 Qg1# 0-1

[Event "Titled Tuesday intern op 21st April"]
[Site "Chess.com INT"]
[Date "2020.04.21"]
[Round "8"]
[White "Millard, Charlotte"]
[Black "Leveikina, Jevgenija"]
[Result "0-1"]
[WhiteElo "1252"]
[BlackElo "2067"]
[PlyCount "62"]
[EventDate "2020.04.21"]
[EventType "swiss (blitz)"]
[EventRounds "10"]
[EventCountry "USA"]
[SourceTitle "EXT 2021"]
[Source "ChessBase"]
[SourceDate "2020.10.23"]
[SourceVersion "1"]
[SourceVersionDate "2020.10.23"]
[SourceQuality "1"]

1. e4 c6 2. d4 d5 3. exd5 cxd5 4. c4 Nf6 5. Nc3 Nc6 6. Nf3 g6 7. Bf4 Bg7 8. Be2 0-0 9. 0-0 a6 10. Qd2 dxc4 11. Bxc4 b5 12. Bb3 Bb7 13. Rfd1 Na5 14. Bc2 Bxf3 15. gxf3 Nc4 16. Qc1 Nd5 17. Bh6 Rc8 18. Bxg7 Kxg7 19. Nxd5 Qxd5 20. Be4 Qh5 21. b3 Nd6 22. Qf4 Qh6 23. Qe5+ Kg8 24. Bb7 Nxb7 25. f4 e6 26. Rd3 Qg7 27. Qg5 Nc5 28. Rh3 Ne4 29. Qh4 Rcd8 30. Re1 Nf6 31. f5 exf5 0-1

[Event "Titled Tuesday intern op 14th April"]
[Site "Chess.com INT"]
[Date "2020.04.14"]
[Round "8"]
[White "Millard, Charlotte"]
[Black "Crispin Ferreras, Darvi Abraham"]
[Result "0-1"]
[WhiteElo "1252"]
[BlackElo "2142"]
[PlyCount "100"]
[EventDate "2020.04.14"]
[EventType "swiss (blitz)"]
[EventRounds "10"]
[EventCountry "USA"]
[SourceTitle "EXT 2021"]
[Source "ChessBase"]
[SourceDate "2020.10.23"]
[SourceVersion "1"]
[SourceVersionDate "2020.10.23"]
[SourceQuality "1"]

1. e4 c5 2. c3 e6 3. d4 cxd4 4. cxd4 d5 5. e5 Bd7 6. Nc3 Nc6 7. Bd2 Nxd4 8. Be3 Nc6 9. f4 Nge7 10. Nf3 Nf5 11. Bf2 Bb4 12. g4 Nh6 13. h3 Qa5 14. Rc1 Rc8 15. Bg2 Qxa2 16. 0-0 Qxb2 17. Ne2 0-0 18. Rb1 Qa2 19. Ra1 Qc4 20. Rc1 Qa6 21. Ra1 Qb5 22. Rb1 a5 23. Nh4 Ne7 24. Ng3 Rc4 25. g5 Rxf4 26. gxh6 Rxh4 27. Nf5 Nxf5 28. Bxh4 Nxh4 29. hxg7 Kxg7 30. Qg4+ Ng6 31. Bf3 Qc5+ 32. Kh2 Qc2+ 33. Kh1 h5 34. Qg5 Qf5 35. Qxf5 exf5 36. Bxh5 Nxe5 37. Rg1+ Kf6 38. Bf3 Nxf3 39. Rg3 d4 40. Rxf3 Bc6 41. Kg2 Bxf3+ 42. Kxf3 Rc8 43. h4 Rc3+ 44. Ke2 Rh3 45. h5 Rxh5 46. Rd1 Ke5 47. Kd3 b5 48. Re1+ Bxe1 49. Kc2 d3+ 50. Kb3 a4+ 0-1

[Event "Titled Tuesday intern op 7th April"]
[Site "Chess.com INT"]
[Date "2020.04.07"]
[Round "1"]
[White "Millard, Charlotte"]
[Black "Sorokobjagin, Sergey"]
[Result "0-1"]
[WhiteElo "1252"]
[BlackElo "2253"]
[PlyCount "96"]
[EventDate "2020.04.07"]
[EventType "swiss (blitz)"]
[EventRounds "10"]
[EventCountry "USA"]
[SourceTitle "EXT 2021"]
[Source "ChessBase"]
[SourceDate "2020.10.23"]
[SourceVersion "1"]
[SourceVersionDate "2020.10.23"]
[SourceQuality "1"]

1. e4 d5 2. exd5 Qxd5 3. Nc3 Qd8 4. d4 Nf6 5. Nf3 c6 6. Bc4 Bf5 7. Bf4 e6 8. h3 Nd5 9. Bxd5 cxd5 10. Ne5 Nc6 11. Nxc6 bxc6 12. 0-0 Bd6 13. Bxd6 Qxd6 14. Ne2 0-0 15. Ng3 Bg6 16. Qd2 Rab8 17. Rab1 c5 18. dxc5 Qxc5 19. Rfc1 Rfc8 20. Qc3 Qxc3 21. bxc3 Rxb1 22. Rxb1 Bxc2 23. Rb2 Bd3 24. Rb7 a6 25. Rb3 Bc4 26. Ra3 Rb8 27. Nf1 Rb1 28. Kh2 Rxf1 29. Ra4 Rxf2 30. Rb4 g6 31. Ra4 Rxa2 32. Rxa2 Bxa2 33. Kg3 a5 34. Kf4 a4 35. Ke5 a3 36. Kf6 Bc4 37. g4 a2 38. h4 a1Q 39. g5 Qxc3+ 40. Ke7 Kg7 41. h5 gxh5 42. g6 hxg6 43. Ke8 h4 44. Ke7 h3 45. Ke8 h2 46. Ke7 h1Q 47. Ke8 Bb5+ 48. Ke7 Qc7# 0-1